000 00988cab a2200373 4500
001 ABS59909
008 090401t1999 xxu||||| |||| 00| 0 eng d
035 _a(Sirsi) u91119
041 _aeng
100 _h
245 _aLocal leagues
260 _c1999
350 _a0
490 _aBuilding
_v264(8073) 5 February 1999, 26-27(2)
520 _aAn area-by-area ranking of UK contractors` workloads for the period 1 October to 31 December 1998. Figures compiled by Glenigan Group.
650 _aCONSTRUCTION MARKET
650 _aCONTRACTORS
650 _aEAST ANGLIA
650 _aEAST MIDLANDS
650 _aLONDON
650 _aNORTH EAST
650 _aNORTHWEST ENGLAND
650 _aREGIONS
650 _aSCOTLAND
650 _aSOUTH EAST
650 _aSOUTH WEST
650 _aWALES
650 _aWEST MIDLANDS
650 _aWORKLOADS
650 _aYORKSHIRE
690 _aBUILDING AND CONSTRUCTION-PROJECTS
942 _n0
948 _c04/02/1999
999 _c57822
_d57822